Αθλητικός κώδικας (παράρτημα) : νέος αθλητικός κώδικας

Saved in:
Bibliographic Details
Main Author: Παναγιωτόπουλος, Δημήτρης
Format: Book
Language:Greek
Published: Αθήνα : Σάκκουλας, 1999
Subjects:
Tags: Add Tag
No Tags, Be the first to tag this record!

MARC

LEADER 00000nam a2200000 i 4500
001 1/74719
008 050401s1999 gre d
020 |a 960-15-0194-0 
035 |l 10077487 
040 |a GR-MY-UA  |b gre  |e aacr 
041 0 |a gre 
082 0 |a 344.099  |2 (21) 
100 1 |a Παναγιωτόπουλος, Δημήτρης. 
245 1 0 |a Αθλητικός κώδικας (παράρτημα) :  |b νέος αθλητικός κώδικας /  |c Δημήτρης Παναγιωτόπουλος 
260 |a Αθήνα :   |b Σάκκουλας,   |c 1999 
300 |a 210 σ.;  |c 22 εκ. 
650 0 0 |a Sports  |x Law and legislation  |z Greece. 
650 0 0 |a Profassional sports  |x Law and legislation  |z Greece. 
852 |a INST  |b LESVOS  |e 20050401  |h 344.099 ΠΑΝ  |p 005100027979  |q 005100027979  |t BK  |y 0 
901 |a BIBL1-2005-1 
909 |a Λ  |b 099565 
920 |a ΕΠΕΑΕΚ ΚΟΙΝΩΝΙΚΗΣ ΑΝΘΡΩΠΟΛΟΓΙΑΣ  |y ΛΕΣΒΟΣ  |z 2002-01 
970 |a ΤΖΑΦΕΡΗ  |b ΕΥΑΓΓΕΛΙΑ  |z 2005/04/01